000 00681nam a2200217 a 4500
008
049 0 _aMAIN
050 0 0 _aQA273 BOD
100 _aBodhlyera, Oliver.
245 0 0 _aRecord breaking values from sequences of identically distributed random variables /
_cOliver Bodhlyera.
260 _aNew York :
_bUniversity of Essex,
_c1997.
300 _a83 p. :
_bill. ;
_c25 cm.
502 _aThesis (M.A.) - UE, New York, 1997.
504 _aIncludes bibliographical references.
650 0 _aRandom variables.
907 _a.b10234937
_b23-02-07
_c23-02-07
003
005 20230123134411.0
040 _cNUST
942 _cBOOKS
999 _c165257
_d165257